Economía de moneda y banca (Registro nro. 5176)
[ vista simple ]
| 000 -LEADER | |
|---|---|
| fixed length control field | 01652 a2200193 4500 |
| 001 - CONTROL NUMBER | |
| control field | 53320 |
| 005 - DATE AND TIME OF LATEST TRANSACTION | |
| control field | 20260407155807.0 |
| 008 - FIXED-LENGTH DATA ELEMENTS--GENERAL INFORMATION | |
| fixed length control field | 260407a1970 arg spa d |
| 003 - CONTROL NUMBER IDENTIFIER | |
| control field | AR-UNSa-BCEJYS |
| 040 ## - CATALOGING SOURCE | |
| Original cataloging agency | AR-UNSa-BCEJYS |
| Language of cataloging | spa |
| Transcribing agency | AR-UNSa-BCEJYS |
| 080 ## - UNIVERSAL DECIMAL CLASSIFICATION NUMBER | |
| Universal Decimal Classification number | 336.74 |
| Common auxiliary subdivision | Moneda. Sistema monetario |
| 100 1# - MAIN ENTRY--PERSONAL NAME | |
| Personal name | Chandler, Lester V. |
| 245 10 - TITLE STATEMENT | |
| Title | Economía de moneda y banca |
| 264 #1 - PRODUCTION, PUBLICATION, DISTRIBUTION, MANUFACTURE, AND COPYRIGHT NOTICE | |
| Place of production, publication, distribution, manufacture | Buenos Aires : |
| Name of producer, publisher, distributor, manufacturer | Tipográfica Editora Argentina |
| Date of production, publication, distribution, manufacture, or copyright notice | 1970 |
| 300 ## - PHYSICAL DESCRIPTION | |
| Extent | 831 p. |
| Dimensions | 22 cm. |
| 505 ## - FORMATTED CONTENTS NOTE | |
| Formatted contents note | 1. Las funciones del dinero - 2. Categorías de dinero - 3. Deuda, crédito e instrumentos fiancieros - 4. Los intermediarios fiancieros - 5. Historia de la banca en Estados Unidos - 6. Sistema de los bancos comerciales - 7. Expanción y contracción bancarias - 8. Política de los bancos comerciales - 9. El sistema de la Reserva Federal - 10. El crédito de la Reserva Federal y las reservas de los bancos - 11. Instrumento de las políticas monetarias - 12. El sistema monetario: Panorama general - 13. Introducción a la teoría monetaria - 14. Producto nacional bruto o expensas -15. Consumo, ahorro o inversión - 16. Oferta y demanda de dinero - 17. Operaciones gubernamentales y política fiscal - 18. El sistema monetario internacional - 19. Pagos internacionales y tipos de cambio - 20. Políticas monetarias internacionales - 21. Política monetaria de Estados Unidos 1914 a 1929 - 22. La política monetaria en los años de la depresión :1930 a 1941 - 23. Política monetaria, 1941 a 1951 - 24. Política monetaria 1951 a 1959 - 25. Política monetaria en la década de 1960 - 26. El futuro |
| 590 ## - LOCAL NOTE (RLIN) | |
| Local note | niveau_biblio:m niveau_hierar:0 |
| 942 ## - ADDED ENTRY ELEMENTS (KOHA) | |
| Koha item type | |
| Withdrawn status | Lost status | Damaged status | Not for loan | Home library | Current library | Shelving location | Date acquired | Total checkouts | Full call number | Barcode | Date last seen | Price effective from | Koha item type |
|---|---|---|---|---|---|---|---|---|---|---|---|---|---|
| Biblioteca Prof. Eusebio Cleto del Rey | Biblioteca Prof. Eusebio Cleto del Rey | 07/04/2026 | 336.74 C454 | L25404 | 07/04/2026 | 07/04/2026 | Libro | ||||||
| Biblioteca Prof. Eusebio Cleto del Rey | Biblioteca Prof. Eusebio Cleto del Rey | 07/04/2026 | 336.74 C454 | L25405 | 07/04/2026 | 07/04/2026 | Libro |